| 000 | 00539nam a2200193Ii 4500 | ||
|---|---|---|---|
| 003 | JO-AjNU | ||
| 008 | 230606s9999||||xx |||||||||||||| ||und|| | ||
| 040 |
_aJO-AjNU _beng _erda _cJO-AjNU |
||
| 041 | _aeng | ||
| 050 | 1 | 4 | _aPN3355.S78 1984 |
| 100 | 3 |
_aedited Wazzan , Adnan M.A, _eauthor _95444 |
|
| 245 | 0 | 4 | _aThe study of Fiction |
| 250 | _a1 ed | ||
| 264 | 3 | 1 | _aMakkah :Umm Al-Qura University , 1984 |
| 300 | _a272p | ||
| 336 |
_atext _btxt _2rdacontent |
||
| 337 |
_aunmediated _bn _2rdamedia |
||
| 338 |
_avolume _bnc _2rdacarrier |
||
| 999 |
_aE2813 _c2811 _d2811 |
||